000 01624cam a2200421 4500
001 J2733
008 090401t1994 xxu||||| |||| 00| 0 eng d
035 _a(Sirsi) u50903
041 _aeng
050 _a692.5
_c18
110 _aBuilding Cost Information Service
_91096
245 _aBCIS bulletin service
260 _aLondon
_bBCIS
_c1994-
300 _a8
_fv. (loose-leaf)
_c30cm.
490 _aBCIS Bulletin Service
505 _aAn introduction to the service
505 _aIndices and forecasts
505 _aFive year forecast
505 _aSurveys of tender prices
505 _aSpecial studies
505 _aLabour, hours and wages
505 _aDayworks
505 _aMaterials and equipment
505 _aElemental analyses
505 _aNews
505 _aDigests
505 _aAccess to information
520 _aA comprehensive guide to UK building costs from the Building Cost Information Service (BCIS). Updated by regular bulletins the service incorporates forecasts, indices, and surveys of costs together with elemental analyses. Each element of the service is catalogued seperately.
520 _aThis item is part of a subscription service and cannot be photocopied. Neither can be any part of it be read out over the phone. Please contact BCIS direct on +44 (0)20 7695 1500 for details.
650 _aBUILT ENVIRONMENT-BUILDING COSTS
650 _aBUILDING INDUSTRY
650 _aCONSTRUCTION INDUSTRY
650 _aCONSTRUCTION FORECASTS
650 _aCONSTRUCTION INDICATORS
690 _aBUILT ENVIRONMENT-BUILDING COSTS
942 _n0
948 _c04/03/1997
999 _c92769
_d92769